Islamic law and jurisprudence /

محفوظ في:

مؤلفون آخرون: Heer, Nicholas., Ziadeh, Farhat Jacob.

التنسيق: كتاب

اللغة: English

منشور في: Seattle : University of Washington Press, c1990.

الموضوعات:

الوسوم: إضافة وسم

لا توجد وسوم, كن أول من يضع وسما على هذه التسجيلة!

رقم الطلب: DS39 .I85 1990

LEADER 00799namaa2200253 4500
001 20687
003 OSt
005 20260105143604.0
008 130303s1990 wau b 001 0 eng d
010 |a 90012150 
020 |c 0295970065 
040 |c ARCE Library 
050 4 |a DS39 .I85 1990 
245 0 0 |a Islamic law and jurisprudence /  |c edited by Nicholas Heer. 
264 1 |a Seattle :  |b University of Washington Press,  |c c1990. 
300 |a xvi, 234 pages ;   |c 24 cm. 
500 |a Papers read at a conference on Islamic law held in honumberr of Farhat J. Ziadeh in May 1987. 
500 |a Includes bibliographical references and index. 
650 0 |a Islamic law  |v Congresses. 
700 1 |a Heer, Nicholas. 
700 1 |a Ziadeh, Farhat Jacob. 
901 |a reviewed 
942 |c BK  |2 lcc 
999 |c 17147  |d 17147